[Event "Championnat de la Loire Open 2007-2008"]
[Site "Loire"]
[Date "2008.02.16"]
[Round "3.7"]
[White "Rogues, Jean-Luc"]
[Black "Schlick, Paul"]
[Result "1-0"]
[WhiteElo "1390"]
[BlackElo "1200"]
[PlyCount "89"]

1. e4 e5 2. Nf3 Nc6 3. Bc4 d6 4. d3 Bg4 5. Be3 Be7 6. Nbd2 Nf6 7. O-O O-O 8. c3
Na5 9. Bb3 Nxb3 10. Qxb3 b6 11. Rfe1 Nd7 12. d4 Bg5 13. Bxg5 Nf6 14. Bxf6 Qxf6
15. dxe5 dxe5 16. Re3 Rad8 17. Nc4 Bxf3 18. Rxf3 Qg5 19. Rf5 Qg6 20. Nxe5 Qe6
21. Qxe6 fxe6 22. Rxf8+ Rxf8 23. Rd1 Re8 24. Rd7 Rc8 25. Nc6 a5 26. Rd8+ Rxd8
27. Nxd8 e5 28. Ne6 c6 29. Nd8 c5 30. Nc6 Kf7 31. Nxe5+ Kf6 32. Nc4 b5 33. Nxa5
Ke5 34. f3 Kd6 35. Kf2 g5 36. Ke3 h6 37. g3 h5 38. b3 Ke5 39. Nc6+ Kd6 40. Nd8
Ke7 41. Nb7 c4 42. Kd4 h4 43. g4 Kd7 44. Nc5+ Kc6 45. Ne6 1-0

[Event "Championnat de la Loire Open 2007-2008"]
[Site "Loire"]
[Date "2008.02.16"]
[Round "3.8"]
[White "Brachet, Gerard"]
[Black "Geraci, Georges"]
[Result "1-0"]
[WhiteElo "1370"]
[BlackElo "1110"]
[PlyCount "77"]

1. e4 c5 2. Nf3 Nf6 3. Nc3 Nc6 4. Bc4 e6 5. a3 a6 6. d3 h6 7. Be3 b5 8. Ba2 b4
9. Na4 b3 10. Bxb3 Qa5+ 11. c3 Qb5 12. Bc4 Qa5 13. O-O Rb8 14. d4 d5 15. exd5
exd5 16. Ba2 c4 17. Re1 Be7 18. b3 O-O 19. b4 Qd8 20. Bb1 Ne4 21. Nc5 Bf5 22.
Qc2 Bd6 23. Nxa6 Rb7 24. Nc5 Re7 25. Nxe4 Bxe4 26. Qa4 Na7 27. Bxe4 dxe4 28.
Nh4 Qd7 29. Qxd7 Rxd7 30. Re2 Nc6 31. Nf5 Bc7 32. Rae1 Kh7 33. g3 g6 34. Nxh6
Rd5 35. Bf4 Rb8 36. Bxc7 Rc8 37. Bf4 g5 38. Bxg5 Rxg5 39. Nxf7 1-0

[Event "Championnat de la Loire Open 2007-2008"]
[Site "Loire"]
[Date "2008.02.16"]
[Round "3.9"]
[White "Masson, Guillaume"]
[Black "Chambosse, Alexis"]
[Result "1/2-1/2"]
[WhiteElo "1270"]
[BlackElo "1440"]
[PlyCount "72"]

1. e4 e5 2. Nf3 d6 3. Nc3 Nf6 4. Bc4 h6 5. d3 Be7 6. Be3 Nc6 7. O-O O-O 8. d4
exd4 9. Nxd4 Bd7 10. Qf3 Ne5 11. Qe2 c5 12. Nb3 Nxc4 13. Qxc4 Bc6 14. Rad1 Qc7
15. f3 Rad8 16. Rfe1 b6 17. Nc1 Rd7 18. Bf4 Qb7 19. Rd2 Rfd8 20. Red1 d5 21.
exd5 Nxd5 22. Nxd5 Bxd5 23. Qe2 Bf6 24. c3 a6 25. Qf2 Qc6 26. Qg3 Kf8 27. Be5
Bxe5 28. Qxe5 b5 29. Ne2 Bxa2 30. Rxd7 Rxd7 31. Rxd7 Qxd7 32. Qxc5+ Kg8 33. Nf4
Qd2 34. Qc8+ Kh7 35. Qf5+ Kg8 36. Qc8+ Kh7 1/2-1/2

[Event "Championnat de la Loire Open 2007-2008"]
[Site "Loire"]
[Date "2008.02.16"]
[Round "3.10"]
[White "Bader, Gaetan"]
[Black "Mialon, Franck"]
[Result "0-1"]
[WhiteElo "1199"]
[BlackElo "1370"]
[PlyCount "42"]

1. d4 d5 2. Nc3 c6 3. Nf3 e6 4. Bd2 f5 5. e3 Nf6 6. Bd3 Be7 7. O-O O-O 8. Ne5
Nbd7 9. Nf3 Bd6 10. Qe2 Ne4 11. Be1 Rf6 12. Nb5 cxb5 13. Bxb5 Rh6 14. g3 Qe8
15. Ne5 Bxe5 16. dxe5 Qg6 17. Rd1 Nxe5 18. Rd4 Ng4 19. h4 Rxh4 20. gxh4 Nxe3+
21. Kh1 Qg2# 0-1

[Event "Championnat de la Loire Open 2007-2008"]
[Site "Loire"]
[Date "2008.02.16"]
[Round "4.1"]
[White "Furnon, Yannick"]
[Black "Martin, Julien"]
[Result "1-0"]
[WhiteElo "1650"]
[BlackElo "1380"]
[PlyCount "25"]

1. d4 d5 2. Nf3 Nc6 3. Bg5 f6 4. Bh4 Bg4 5. Nbd2 e6 6. c3 g5 7. Bg3 f5 8. Be5
Nxe5 9. Nxe5 Nf6 10. Qb3 b6 11. e3 Ne4 12. Bb5+ Ke7 13. Nc6+ 1-0

[Event "Championnat de la Loire Open 2007-2008"]
[Site "Loire"]
[Date "2008.02.16"]
[Round "4.2"]
[White "Carrot, Axel"]
[Black "Perez, Christian"]
[Result "1-0"]
[WhiteElo "1500"]
[BlackElo "1520"]
[PlyCount "45"]

1. e4 e6 2. d4 d5 3. exd5 exd5 4. Nf3 Nf6 5. Nc3 Be7 6. Bf4 O-O 7. Bd3 Bg4 8.
Be2 c5 9. dxc5 Bxc5 10. Bg5 Qb6 11. Bxf6 Qxf6 12. Nxd5 Qc6 13. Qd2 Rd8 14. Ne5
Bxf2+ 15. Kxf2 Qc5+ 16. Qe3 Qxe3+ 17. Nxe3 Bxe2 18. Kxe2 Re8 19. N5g4 Nc6 20.
Rhd1 Rac8 21. c3 f6 22. Rd7 b6 23. Rad1 1-0

[Event "Championnat de la Loire Open 2007-2008"]
[Site "Loire"]
[Date "2008.02.16"]
[Round "4.3"]
[White "Gregoire, Patrick"]
[Black "Megnot, Philippe"]
[Result "1-0"]
[WhiteElo "1590"]
[BlackElo "1550"]
[PlyCount "63"]

1. e4 c5 2. Nf3 Nc6 3. d4 cxd4 4. Nxd4 g6 5. Bc4 Bg7 6. Be3 e6 7. c3 Nf6 8. Bg5
Qb6 9. Nxc6 bxc6 10. Qf3 Nxe4 11. Qxe4 d5 12. Qf4 e5 13. Qd2 dxc4 14. Qd6 f6
15. Bxf6 Bxf6 16. Qxf6 Rf8 17. Qxe5+ Kf7 18. O-O Qxb2 19. Qc7+ Kg8 20. Qxc6
Qxa1 21. Qxa8 Qxa2 22. Qd5+ Kh8 23. Nd2 a5 24. Re1 a4 25. Qd4+ Kg8 26. Re7 Rf7
27. Re8+ Rf8 28. Qd5+ Kg7 29. Qe5+ Kg8 30. Re7 Rf7 31. Qd5 Qa1+ 32. Nf1 1-0

[Event "Championnat de la Loire Open 2007-2008"]
[Site "Loire"]
[Date "2008.02.16"]
[Round "4.4"]
[White "Volay, Pascal"]
[Black "Brachet, Gerard"]
[Result "1/2-1/2"]
[WhiteElo "1450"]
[BlackElo "1370"]
[PlyCount "84"]

1. e4 e5 2. Nf3 Nc6 3. Bc4 Nd4 4. Nxd4 exd4 5. O-O c6 6. Be2 Bc5 7. d3 d6 8.
Bg4 Bxg4 9. Qxg4 g6 10. a3 h5 11. Qg5 Qxg5 12. Bxg5 f6 13. Bd2 O-O-O 14. c3 Ne7
15. cxd4 Bxd4 16. Bc3 Bxc3 17. Nxc3 Rhe8 18. b4 a6 19. Rac1 f5 20. f3 g5 21. h3
f4 22. Ne2 Ng6 23. d4 Kc7 24. Nc3 Kb6 25. a4 Ka7 26. Rfd1 d5 27. exd5 cxd5 28.
Re1 Re3 29. Rxe3 fxe3 30. Re1 Rc8 31. Rxe3 Rc4 32. Nxd5 Rxd4 33. Nf6 Rxb4 34.
Ra3 a5 35. Ne4 Rb2 36. Rd3 Nf4 37. Rd2 Ne2+ 38. Kf2 Rxd2 39. Nxd2 Ng3 40. Ne4
Nxe4+ 41. fxe4 Kb6 42. g3 Kc6 1/2-1/2

[Event "Championnat de la Loire Open 2007-2008"]
[Site "Loire"]
[Date "2008.02.16"]
[Round "4.5"]
[White "Daillere, Roland"]
[Black "Rogues, Jean-Luc"]
[Result "1-0"]
[WhiteElo "1300"]
[BlackElo "1390"]
[PlyCount "109"]

1. e4 e5 2. f4 Nc6 3. Nf3 d6 4. Bc4 Bg4 5. h3 Bxf3 6. Qxf3 Nd4 7. Qc3 Qh4+ 8.
g3 Qxg3+ 9. Qxg3 Nxc2+ 10. Kd1 Nxa1 11. Qg4 Nf6 12. Qg2 O-O-O 13. d3 g6 14. Be3
Bh6 15. Bxa7 b6 16. Bd5 Bxf4 17. Nc3 Nxd5 18. Nxd5 Kb7 19. Bxb6 cxb6 20. Nxf4
exf4 21. e5+ Kc7 22. Kd2 dxe5 23. Rxa1 Rd6 24. Rc1+ Kd7 25. Qb7+ Ke6 26. Rc6
Rhd8 27. Rxd6+ Rxd6 28. Qc8+ Kf6 29. Qh8+ Kf5 30. Qxh7 Rf6 31. Qh4 g5 32. Qh7+
Ke6 33. Qe4 f3 34. d4 Rf5 35. Qc6+ Ke7 36. Qc7+ Kf6 37. Qd6+ Kg7 38. Qxe5+ Rxe5
39. dxe5 Kg6 40. Ke3 Kf5 41. e6 fxe6 42. Kxf3 e5 43. a4 e4+ 44. Ke3 Ke5 45. b4
Kd5 46. a5 bxa5 47. bxa5 Kc5 48. Kxe4 Kb5 49. Kf5 Kxa5 50. Kxg5 Kb6 51. h4 Kc7
52. Kf5 Kd8 53. Kg6 Kd7 54. h5 Ke6 55. h6 1-0

[Event "Championnat de la Loire Open 2007-2008"]
[Site "Loire"]
[Date "2008.02.16"]
[Round "4.6"]
[White "Trottet, Francois"]
[Black "Bednar, Emile"]
[Result "1-0"]
[WhiteElo "1520"]
[BlackElo "1860"]
[PlyCount "53"]

1. e4 e5 2. Nf3 Nc6 3. Bb5 Nf6 4. O-O Be7 5. Re1 d6 6. c3 O-O 7. d4 Bg4 8. d5
Nb8 9. Qd3 Nfd7 10. h3 Bh5 11. b4 h6 12. Ba4 b5 13. Bb3 Nb6 14. Nbd2 Bg6 15. c4
bxc4 16. Nxc4 f5 17. Nfd2 f4 18. Nf1 Be8 19. Nh2 N8d7 20. Ng4 Kh8 21. Bb2 h5
22. Nh2 g5 23. a4 Rg8 24. a5 Nc8 25. g4 Nf6 26. Nxe5 dxe5 27. Bxe5 1-0

[Event "Championnat de la Loire Open 2007-2008"]
[Site "Loire"]
[Date "2008.02.16"]
[Round "4.7"]
[White "Swietlicki, Jordan"]
[Black "Joly, Christian"]
[Result "0-1"]
[WhiteElo "1280"]
[BlackElo "1610"]
[PlyCount "99"]

1. e4 d6 2. d4 Nf6 3. Nc3 g6 4. Nf3 Bg7 5. Be2 O-O 6. O-O c6 7. Be3 b5 8. b4 a5
9. a3 Nbd7 10. e5 dxe5 11. dxe5 Ng4 12. Ng5 Ngxe5 13. Rb1 e6 14. f4 Nc4 15. Bd4
e5 16. fxe5 Qxg5 17. Ne4 Qe7 18. Nf6+ Kh8 19. Nxd7 Bxd7 20. Bc5 Qe8 21. Bxf8
Bxf8 22. Qd4 Kg8 23. Bxc4 bxc4 24. Qxc4 Be6 25. Qf4 axb4 26. axb4 Ra4 27. c3
Ra2 28. Qg5 Be7 29. Qg3 Qd8 30. Rbd1 Qc7 31. h4 Bd5 32. Rf2 Qb6 33. Kf1 Qxf2+
34. Qxf2 Rxf2+ 35. Kxf2 Bxh4+ 36. g3 Bg5 37. Rd4 Kf8 38. c4 Bh1 39. b5 Be7 40.
Rd3 Bc5+ 41. Ke1 cxb5 42. cxb5 Ke7 43. Kd2 Be4 44. Rc3 Bb4 45. Ke3 Bxc3 46.
Kxe4 Ba5 47. Kd5 Bb6 48. Kc6 Bf2 49. b6 Bxb6 50. Kxb6 0-1

[Event "Championnat de la Loire Open 2007-2008"]
[Site "Loire"]
[Date "2008.02.16"]
[Round "4.8"]
[White "Mialon, Franck"]
[Black "Geraci, Georges"]
[Result "1-0"]
[WhiteElo "1370"]
[BlackElo "1110"]
[PlyCount "59"]

1. e4 d6 2. d4 Nf6 3. Nc3 c6 4. Bd3 g6 5. Nf3 Nbd7 6. e5 Nd5 7. Nxd5 cxd5 8.
exd6 exd6 9. O-O Be7 10. Bh6 Nf6 11. Re1 Be6 12. Ng5 Ng8 13. Bg7 Bxg5 14. Bxh8
a6 15. Qf3 Qd7 16. Qxd5 O-O-O 17. Qxg5 Ne7 18. d5 Nxd5 19. Bf6 Nxf6 20. Qxf6
Kb8 21. Re3 Ka7 22. Qd4+ Kb8 23. Qb4 Qc6 24. Rd1 Bd7 25. Bc4 Qb5 26. Qxd6+ Ka8
27. Qxd7 Kb8 28. Qxb5 axb5 29. Rxd8+ Ka7 30. Bxb5 1-0

[Event "Championnat de la Loire Open 2007-2008"]
[Site "Loire"]
[Date "2008.02.16"]
[Round "4.9"]
[White "Choquelle, Jean"]
[Black "Schlick, Paul"]
[Result "0-1"]
[WhiteElo "1180"]
[BlackElo "1200"]
[PlyCount "76"]

1. c4 d5 2. e3 c5 3. Nf3 Nf6 4. h3 Bf5 5. Nc3 e6 6. a3 Bd6 7. d3 Nc6 8. d4 O-O
9. g4 Bg6 10. Bg2 Ne4 11. cxd5 Nxc3 12. bxc3 exd5 13. dxc5 Bxc5 14. O-O Be4 15.
Bb2 Qd6 16. Re1 Bb6 17. c4 Bc7 18. Rc1 Bxf3 19. Qxf3 dxc4 20. Rcd1 Qh2+ 21. Kf1
Rad8 22. Ke2 Rxd1 23. Rxd1 Rd8 24. Rh1 Qd6 25. Rc1 Qd2+ 26. Kf1 Qxb2 27. Re1
Ba5 28. Rd1 Rxd1+ 29. Qxd1 c3 30. Kg1 Qd2 31. Qf3 c2 32. Qf5 c1=Q+ 33. Kh2 Bc7+
34. f4 Bxf4+ 35. Qxf4 Qcc2 36. Kg3 Qxg2+ 37. Kh4 Qcf2+ 38. Kg5 Qxf4+ 0-1

[Event "Championnat de la Loire Open 2007-2008"]
[Site "Loire"]
[Date "2008.02.16"]
[Round "4.10"]
[White "Masson, Guillaume"]
[Black "Bader, Gaetan"]
[Result "1-0"]
[WhiteElo "1270"]
[BlackElo "1199"]
[PlyCount "89"]

1. e4 e5 2. Nf3 Nc6 3. d4 d6 4. dxe5 dxe5 5. Qxd8+ Nxd8 6. Nxe5 Bb4+ 7. Bd2 Bd6
8. Nf3 Nf6 9. Nc3 O-O 10. O-O-O Nc6 11. Be3 Be6 12. Bd4 Nb4 13. Be2 Nxa2+ 14.
Nxa2 Bxa2 15. Bxf6 gxf6 16. b3 Ba3+ 17. Kd2 Rad8+ 18. Bd3 Bb4+ 19. Ke2 b5 20.
Ra1 Bxb3 21. cxb3 Ra8 22. Bxb5 Rfd8 23. Rhd1 Rf8 24. Rd7 Rab8 25. Bc4 a5 26. e5
Rfe8 27. Bxf7+ Kf8 28. Bxe8 Rxe8 29. Rad1 fxe5 30. Rd8 e4 31. Rxe8+ Kxe8 32.
Ng5 e3 33. fxe3 h6 34. Ne6 Bd6 35. Ng7+ Kf7 36. Nf5 Bxh2 37. Nxh6+ Kg7 38. g3
Bxg3 39. Nf5+ Kf6 40. Nxg3 c5 41. Rd5 Ke6 42. Rxc5 a4 43. bxa4 Kd6 44. Ne4+ Ke6
45. a5 1-0

[Event "Championnat de la Loire Open 2007-2008"]
[Site "Loire"]
[Date "2008.03.08"]
[Round "5.1"]
[White "Gregoire, Patrick"]
[Black "Furnon, Yannick"]
[Result "0-1"]
[WhiteElo "1590"]
[BlackElo "1650"]
[PlyCount "53"]

1. e4 c6 2. Nc3 d5 3. d4 dxe4 4. Nxe4 Nd7 5. Nf3 Ngf6 6. Nxf6+ Nxf6 7. Bg5 Bg4
8. h3 Bh5 9. Bxf6 exf6 10. Be2 Bd6 11. O-O O-O 12. Nh4 Bxe2 13. Qxe2 g6 14. Qg4
Kh8 15. Qe2 Re8 16. Qd2 Re4 17. Nf3 Qb6 18. Qd3 Rae8 19. b3 Qa5 20. Nd2 Re2 21.
Nc4 Qd5 22. Nxd6 Qxd6 23. c4 Qf4 24. Qc3 Kg7 25. Rae1 Rxe1 26. Rxe1 Rxe1+ 27.
Qxe1 0-1

[Event "Championnat de la Loire Open 2007-2008"]
[Site "Loire"]
[Date "2008.03.08"]
[Round "5.2"]
[White "Martin, Julien"]
[Black "Carrot, Axel"]
[Result "0-1"]
[WhiteElo "1380"]
[BlackElo "1500"]
[PlyCount "66"]

1. e4 e5 2. Nf3 Nc6 3. Bb5 Nge7 4. O-O a6 5. Bxc6 Nxc6 6. d3 Bc5 7. Nc3 d6 8.
Na4 Ba7 9. d4 Nxd4 10. Nxd4 Bxd4 11. c3 Ba7 12. c4 O-O 13. Qf3 Qh4 14. h3 Be6
15. b3 f5 16. Nc3 fxe4 17. Qe2 Bd4 18. Nxe4 h6 19. Bb2 Bxb2 20. Qxb2 Qxe4 21.
Rae1 Qg6 22. Qc3 Rf5 23. Re3 Rf4 24. Rg3 Qf6 25. Qd2 Rd4 26. Qe3 Qf4 27. Qe2
Rf8 28. Qc2 Rf6 29. Rf3 Qe4 30. Qxe4 Rxe4 31. Rc3 Re2 32. a4 Rf4 33. Kh2 Rfxf2
0-1

[Event "Championnat de la Loire Open 2007-2008"]
[Site "Loire"]
[Date "2008.03.08"]
[Round "5.3"]
[White "Brachet, Gerard"]
[Black "Daillere, Roland"]
[Result "1-0"]
[WhiteElo "1370"]
[BlackElo "1300"]
[PlyCount "67"]

1. d4 Nf6 2. Nf3 g6 3. c4 b5 4. e3 Bg7 5. cxb5 a6 6. Nc3 axb5 7. Bxb5 Ba6 8.
O-O O-O 9. Qb3 c6 10. Ba4 Bxf1 11. Kxf1 d5 12. Ne5 Qd6 13. a3 e6 14. Qb7 Ra6
15. b4 Ne4 16. Nb5 Qd8 17. Nxc6 Rxc6 18. f3 Nc3 19. Nxc3 Rxc3 20. Bd2 Rc7 21.
Qb5 Nd7 22. Rc1 Rxc1+ 23. Bxc1 Nb6 24. Bb3 Qd6 25. g3 Rc8 26. Bd2 e5 27. e4
dxe4 28. fxe4 Qxd4 29. Ke2 Qxe4+ 30. Be3 Qg2+ 31. Bf2 Rc3 32. Qe8+ Bf8 33.
Qxf7+ Kh8 34. Qxf8# 1-0

[Event "Championnat de la Loire Open 2007-2008"]
[Site "Loire"]
[Date "2008.03.08"]
[Round "5.4"]
[White "Schlick, Paul"]
[Black "Volay, Pascal"]
[Result "1-0"]
[WhiteElo "1200"]
[BlackElo "1450"]
[PlyCount "91"]

1. d4 d5 2. c4 c6 3. c5 e6 4. Nf3 Be7 5. Nc3 Nf6 6. Bg5 h6 7. Bxf6 Bxf6 8. e3
b6 9. b4 b5 10. a4 a6 11. axb5 cxb5 12. Bxb5+ Bd7 13. Bxd7+ Nxd7 14. O-O Qc8
15. Qe2 O-O 16. Ra3 Qb7 17. Ra4 Ra7 18. b5 axb5 19. Rxa7 Qxa7 20. Qxb5 Rb8 21.
Qa4 Qxa4 22. Nxa4 Ra8 23. Nc3 Ra6 24. Rb1 Bd8 25. g3 Bc7 26. Rb7 Rc6 27. Nb5
Nxc5 28. dxc5 Ba5 29. Ra7 Bb4 30. Rc7 Rxc5 31. Rxc5 Bxc5 32. Nfd4 Bxd4 33. Nxd4
Kf8 34. f4 g6 35. Kf2 Ke7 36. Ke2 Kd6 37. Nb5+ Kc6 38. Nc3 f5 39. Kd3 Kc5 40.
Ne2 Kd6 41. Kd4 g5 42. Nc3 gxf4 43. exf4 h5 44. Nb5+ Kc6 45. Nc3 Kd6 46. Ne2
1-0

[Event "Championnat de la Loire Open 2007-2008"]
[Site "Loire"]
[Date "2008.03.08"]
[Round "5.5"]
[White "Joly, Christian"]
[Black "Trottet, Francois"]
[Result "1-0"]
[WhiteElo "1610"]
[BlackElo "1520"]
[PlyCount "63"]

1. e4 c5 2. c3 e6 3. d4 cxd4 4. cxd4 Nf6 5. Nc3 a6 6. Nf3 d6 7. Bd3 Qc7 8. O-O
Be7 9. Qc2 Nfd7 10. Ng5 Nc6 11. Ne2 Qb8 12. a3 h6 13. Nf3 O-O 14. Re1 b5 15. b4
Bb7 16. Ng3 Nf6 17. Bf4 e5 18. dxe5 dxe5 19. Bd2 Bd6 20. Nf5 Re8 21. Qb3 Ne7
22. N3h4 Nxf5 23. Nxf5 Rf8 24. Rac1 Qd8 25. Be3 Bxe4 26. Bxe4 Nxe4 27. Bxh6
gxh6 28. Rxe4 Kh7 29. Rd1 Rc8 30. h3 Rc6 31. Qd5 Rh8 32. Qxf7# 1-0

[Event "Championnat de la Loire Open 2007-2008"]
[Site "Loire"]
[Date "2008.03.08"]
[Round "5.6"]
[White "Megnot, Philippe"]
[Black "Mialon, Franck"]
[Result "0-1"]
[WhiteElo "1550"]
[BlackElo "1370"]
[PlyCount "62"]

1. d4 d5 2. Nf3 c6 3. Nc3 e6 4. a3 f5 5. Bf4 Nf6 6. e3 Bd6 7. Ne5 O-O 8. Be2
Ne4 9. Nxe4 fxe4 10. h4 Be7 11. g3 Nd7 12. Qd2 Nxe5 13. Bxe5 a5 14. Rf1 b5 15.
c3 c5 16. f4 b4 17. a4 Qe8 18. h5 Ba6 19. g4 Bh4+ 20. Kd1 Bc4 21. Bxc4 dxc4 22.
g5 Bxg5 23. Rg1 Bh6 24. dxc5 Rd8 25. Qxd8 Qxd8+ 26. Bd4 e5 27. fxe5 Bxe3 28.
Rg4 Bxd4 29. cxd4 Qxd4+ 30. Kc2 b3+ 31. Kc1 Rf1# 0-1

[Event "Championnat de la Loire Open 2007-2008"]
[Site "Loire"]
[Date "2008.03.08"]
[Round "5.7"]
[White "Bednar, Emile"]
[Black "Masson, Guillaume"]
[Result "1-0"]
[WhiteElo "1860"]
[BlackElo "1270"]
[PlyCount "57"]

1. e4 c6 2. f4 d5 3. e5 Bf5 4. Nf3 e6 5. d4 c5 6. c3 Nc6 7. Bb5 Qb6 8. Qb3 Nge7
9. Be3 c4 10. Qa4 a6 11. Bxc6+ Nxc6 12. Bc1 Be7 13. O-O O-O 14. b4 cxb3 15.
axb3 Qa7 16. Qa2 b5 17. b4 a5 18. Qb2 Qb6 19. Bd2 axb4 20. Rxa8 Rxa8 21. cxb4
f6 22. Kh1 fxe5 23. fxe5 Be4 24. Bc3 Ra4 25. Qf2 Nxb4 26. Ng5 Nd3 27. Qf7+ Kh8
28. Qe8+ Bf8 29. Qxf8# 1-0

[Event "Championnat de la Loire Open 2007-2008"]
[Site "Loire"]
[Date "2008.03.08"]
[Round "5.8"]
[White "Bader, Gaetan"]
[Black "Chambosse, Alexis"]
[Result "0-1"]
[WhiteElo "1199"]
[BlackElo "1440"]
[PlyCount "120"]

1. e4 b6 2. Nf3 Bb7 3. Nc3 Nf6 4. d3 g6 5. Bg5 Bg7 6. Be2 O-O 7. e5 Ng4 8. O-O
Nxe5 9. d4 Nxf3+ 10. Bxf3 Nc6 11. d5 Nd4 12. Be4 d6 13. a4 Qd7 14. Be3 Nf5 15.
Bg5 Rfe8 16. Bd3 c6 17. Bc4 e6 18. dxc6 Bxc6 19. Bb5 Nd4 20. Bxc6 Qxc6 21. Be3
Nf5 22. Bd2 a5 23. Qc1 Red8 24. Qe1 Bd4 25. b3 d5 26. Ra2 Bc5 27. Ne2 e5 28.
Ng3 Nxg3 29. hxg3 Qd6 30. Bg5 Rd7 31. Bh6 Qf6 32. c3 g5 33. Bxg5 Qxg5 34. c4 d4
35. Qe4 Qg6 36. Re2 Qxe4 37. Rxe4 f6 38. Rg4+ Kf7 39. Rb1 Rad8 40. b4 Bxb4 41.
f3 d3 42. f4 exf4 43. gxf4 d2 44. Rd1 Re8 45. Kf2 Re1 46. Rxd2 Rxd2+ 47. Kxe1
Rxg2+ 48. Kf1 Rxg4 49. f5 h5 50. c5 bxc5 51. Kf2 Rg8 52. Kf3 h4 53. Ke4 h3 54.
Kd5 h2 55. Kc6 h1=Q+ 56. Kb5 Rc8 57. Kc4 Qe4+ 58. Kb3 c4+ 59. Ka2 Qc2+ 60. Ka1
Bc3# 0-1

[Event "Championnat de la Loire Open 2007-2008"]
[Site "Loire"]
[Date "2008.03.08"]
[Round "6.1"]
[White "Furnon, Yannick"]
[Black "Carrot, Axel"]
[Result "1/2-1/2"]
[WhiteElo "1650"]
[BlackElo "1500"]
[PlyCount "47"]

1. d4 d5 2. Nf3 Nf6 3. Bg5 Nbd7 4. Nbd2 h6 5. Bh4 e6 6. e3 Be7 7. Bd3 O-O 8.
O-O Nh5 9. Bxe7 Qxe7 10. c3 Nhf6 11. Re1 e5 12. dxe5 Nxe5 13. Nxe5 Qxe5 14. Nf3
Qd6 15. h3 Re8 16. c4 dxc4 17. Bxc4 Qxd1 18. Rexd1 Be6 19. Bxe6 Rxe6 20. Rac1
c6 21. Rd4 Kf8 22. a4 Ke7 23. Rb4 b6 24. Nd4 $11 1/2-1/2

[Event "Championnat de la Loire Open 2007-2008"]
[Site "Loire"]
[Date "2008.03.08"]
[Round "6.2"]
[White "Joly, Christian"]
[Black "Gregoire, Patrick"]
[Result "0-1"]
[WhiteElo "1610"]
[BlackElo "1590"]
[PlyCount "50"]

1. e4 e6 2. d4 d5 3. Nc3 c5 4. Nf3 Nf6 5. Bg5 Be7 6. exd5 Nxd5 7. Bxe7 Nxe7 8.
dxc5 Qa5 9. Be2 Qxc5 10. Bb5+ Bd7 11. Bxd7+ Nxd7 12. Qd3 Rd8 13. O-O Ne5 14.
Qe2 Nxf3+ 15. Qxf3 b6 16. Rac1 O-O 17. Na4 Qa5 18. b3 b5 19. Nc5 Qxa2 20. Qb7
Rfe8 21. Qxb5 Rb8 22. Qe2 Nf5 23. Qe4 Qb2 24. Rfd1 g6 25. Rd7 Qxc1+ 0-1

[Event "Championnat de la Loire Open 2007-2008"]
[Site "Loire"]
[Date "2008.03.08"]
[Round "6.3"]
[White "Mialon, Franck"]
[Black "Brachet, Gerard"]
[Result "1-0"]
[WhiteElo "1370"]
[BlackElo "1370"]
[PlyCount "35"]

1. e4 e5 2. f4 exf4 3. Nf3 Bc5 4. Bc4 a6 5. d4 Ba7 6. O-O Nc6 7. Bxf4 d6 8. c3
b5 9. Bb3 Bb7 10. Ng5 Nh6 11. Bxf7+ Ke7 12. Bb3 Na5 13. Ne6 Qd7 14. Bg5+ Ke8
15. Qh5+ Nf7 16. Nxg7+ Kf8 17. Rxf7+ Qxf7 18. Qxf7# 1-0

[Event "Championnat de la Loire Open 2007-2008"]
[Site "Loire"]
[Date "2008.03.08"]
[Round "6.4"]
[White "Martin, Julien"]
[Black "Daillere, Roland"]
[Result "1-0"]
[WhiteElo "1380"]
[BlackElo "1300"]
[PlyCount "64"]

1. e4 e5 2. Nf3 Nc6 3. Bb5 Nf6 4. Bxc6 bxc6 5. d3 Bc5 6. O-O d5 7. Nxe5 Be6 8.
d4 Bd6 9. Nxc6 Bxh2+ 10. Kxh2 Qd6+ 11. e5 Qxc6 12. exf6 gxf6 13. Re1 O-O-O 14.
Nc3 Rhg8 15. Qd3 Rg7 16. Nb5 Qb7 17. Bf4 Rd7 18. Bxc7 Rxc7 19. Nd6+ Kb8 20.
Nxb7 Rxb7 21. Qa3 Rg8 22. Qd6+ Ka8 23. Qc6 Bd7 24. Qxd5 Be6 25. Rxe6 fxe6 26.
Qxe6 Rgg7 27. Re1 Rb6 28. Qe8+ Rb8 29. Qc6+ Rgb7 30. Re8 Rxe8 31. Qxe8+ Rb8 32.
Qc6+ Rb7 1-0

[Event "Championnat de la Loire Open 2007-2008"]
[Site "Loire"]
[Date "2008.03.08"]
[Round "6.5"]
[White "Chambosse, Alexis"]
[Black "Schlick, Paul"]
[Result "0-1"]
[WhiteElo "1440"]
[BlackElo "1200"]
[PlyCount "80"]

1. e4 e5 2. Nf3 d6 3. Bc4 Nf6 4. Nc3 Bg4 5. O-O Nc6 6. h3 Bh5 7. Re1 Nd4 8. Be2
Nxe2+ 9. Qxe2 Be7 10. Qe3 O-O 11. b3 Nd7 12. Bb2 Bxf3 13. Qxf3 Bg5 14. Rad1 Qf6
15. Qg4 Qd8 16. d4 exd4 17. Rxd4 Bf6 18. Rdd1 Re8 19. b4 Ne5 20. Qe2 Ng6 21.
Qc4 Nf4 22. Nd5 Bxb2 23. Nxc7 Rc8 24. e5 Bxe5 25. Rxd6 Qxd6 26. Nxe8 Rxe8 27.
Qb5 Qe7 28. Kf1 Ng6 29. g3 Kf8 30. f4 Qf6 31. Kg2 Qc6+ 32. Qxc6 bxc6 33. fxe5
Rxe5 34. Rd1 Re2+ 35. Kf3 Rxc2 36. Rd6 Rxa2 37. Rxc6 Ne5+ 38. Kf4 Nxc6 39. b5
Rc2 40. bxc6 Rxc6 0-1

[Event "Championnat de la Loire Open 2007-2008"]
[Site "Loire"]
[Date "2008.03.08"]
[Round "6.6"]
[White "Volay, Pascal"]
[Black "Bednar, Emile"]
[Result "0-1"]
[WhiteElo "1450"]
[BlackElo "1860"]
[PlyCount "98"]

1. e4 e5 2. Nf3 Nc6 3. Bb5 Nf6 4. Bxc6 dxc6 5. O-O Be7 6. Re1 Bg4 7. h3 Bxf3 8.
Qxf3 h6 9. d3 g5 10. Be3 Qd7 11. g4 O-O-O 12. Qg3 Qe6 13. f3 Kb8 14. Nc3 Nd7
15. Qf2 a6 16. a3 h5 17. Qg3 Rdg8 18. Kg2 Nf6 19. Rh1 b6 20. Ne2 Kb7 21. Qe1
hxg4 22. fxg4 Rh4 23. Bf2 Rh6 24. Be3 Ne8 25. Qf2 Nd6 26. Ng3 Rf6 27. Qe2 Nb5
28. Raf1 Rf4 29. Bxf4 gxf4 30. Nf5 Bg5 31. c3 Nd6 32. Nxd6+ cxd6 33. Rd1 Rh8
34. d4 exd4 35. Rxd4 Bf6 36. Rd3 Be5 37. Rdd1 Rh6 38. Qc2 Qc4 39. Qe2 Rf6 40.
Qf3 Qe6 41. Kf2 Qb3 42. Rd3 Qe6 43. Ke1 Qb3 44. Ke2 Qc4 45. b4 Re6 46. h4 d5
47. exd5 Re8 48. dxc6+ Kc7 49. Kf1 Bxc3 0-1

[Event "Championnat de la Loire Open 2007-2008"]
[Site "Loire"]
[Date "2008.03.08"]
[Round "6.7"]
[White "Trottet, Francois"]
[Black "Megnot, Philippe"]
[Result "1/2-1/2"]
[WhiteElo "1520"]
[BlackElo "1550"]
[PlyCount "112"]

1. e4 c5 2. Nf3 Nc6 3. d4 cxd4 4. Nxd4 g6 5. Nc3 Bg7 6. Be3 a6 7. Qd2 e6 8. Be2
Nge7 9. f4 d5 10. e5 Nxd4 11. Bxd4 Nf5 12. O-O-O Bf8 13. Kb1 Bb4 14. a3 Be7 15.
g4 Ng7 16. Rhf1 Bd7 17. Qe3 b5 18. Nxd5 exd5 19. e6 Bxe6 20. Bxg7 Rg8 21. Bd4
Qd7 22. Bc5 Bxc5 23. Qxc5 Rc8 24. Qd4 f5 25. h3 Kf7 26. Rd2 Qc6 27. g5 Rge8 28.
h4 Qc7 29. Qf6+ Kg8 30. h5 Qf7 31. hxg6 Qxf6 32. gxh7+ Kxh7 33. gxf6 Kg6 34.
Rg1+ Kxf6 35. Bh5 Rg8 36. Rdg2 Rxg2 37. Rxg2 Rh8 38. Rg6+ Ke7 39. Rg7+ Kd6 40.
Rg5 Rc8 41. Rg7 Rc4 42. Ra7 Bc8 43. Rf7 Rxf4 44. Rf6+ Be6 45. Bf7 Re4 46. Bxe6
Rxe6 47. Rxf5 d4 48. b4 Re5 49. Rf2 Re6 50. Rd2 Re4 51. c3 Kd5 52. Kc2 Kc4 53.
cxd4 Rxd4 54. Rxd4+ Kxd4 55. Kb3 Kd3 56. a4 Kd2 1/2-1/2

[Event "Championnat de la Loire Open 2007-2008"]
[Site "Loire"]
[Date "2008.03.08"]
[Round "6.8"]
[White "Masson, Guillaume"]
[Black "Swietlicki, Jordan"]
[Result "1-0"]
[WhiteElo "1270"]
[BlackElo "1280"]
[PlyCount "85"]

1. c4 Nf6 2. Nc3 e5 3. g3 d6 4. Bg2 Nc6 5. Nf3 Be7 6. O-O O-O 7. a3 h6 8. b4 a6
9. d3 Bd7 10. Be3 Rb8 11. d4 e4 12. Nd2 Ng4 13. Ndxe4 Nxe3 14. fxe3 f5 15. Nd2
Bg5 16. Nd5 Ne7 17. h4 Bf6 18. Nb3 c6 19. Nxf6+ Rxf6 20. Qd3 b5 21. c5 d5 22.
Rf2 Be8 23. Nd2 Bg6 24. e4 dxe4 25. Qe3 Nd5 26. Qb3 e3 27. Bxd5+ Qxd5 28. Qxe3
Bh5 29. Nf3 Re8 30. Ne5 Kh8 31. Raf1 Rg8 32. Rf4 g5 33. hxg5 Rxg5 34. Kh2 Qa2
35. Qd3 Bxe2 36. R1f2 Bxd3 37. Rxa2 Be4 38. Raf2 h5 39. Rxe4 fxe4 40. Rxf6 e3
41. Nf7+ Kg7 42. Nxg5 e2 43. Re6 1-0